• 首页
  • 本馆介绍
  • 公告通知
  • 最新文献
  • 馆藏检索
  • 电子资源
  • 读者导购
  • 参考咨询
  • 我的图书馆
  • 登录
  • 详细信息显示
  • 放入我的书架
  • 预约/预借图书
  • 作者相关作品
  • 分类相关作品
  • 丛书相关作品
  • 出版社相关作品

书目信息

  • 表格格式
  • 工作单格式
  • 卡片格式
题名:
土力学与地基基础
    
 
作者: 昌永红 主编
分册:  
出版信息: 北京   机械工业出版社  2017.7
页数: 197页
开本: 26cm
丛书名:
单 册:
中图分类: TU4
科图分类:
主题词: 土力学--高等职业教育--教材 , 地基--基础(工程)--高等职业教育--教材
电子资源:
ISBN: 978-7-111-56800-1
000 01061nam0 2200277 450
001 0400001848
005 20171019171326.0
010    @a978-7-111-56800-1@dCNY36.00
100    @a20171018d2017 em y0chiy50 ea
101 0  @achi
102    @aCN@b110000
105    @aa z 000yy
106    @ar
200 1  @a土力学与地基基础@9tu li xue yu di ji ji chu@f昌永红主编
210    @a北京@c机械工业出版社@d2017.7
215    @a197页@c图@d26cm
300    @a高职高专“十三五”土建类立体化创新规划教材
312    @a封面英文题名:Civil engineering and architecture
330    @a本书包括土的物理与工程性质、地基土中的应力、地基变形、土的抗剪强度与地基承载力、土压力与土坡稳定分析、岩土工程勘察、基础构造与识图、基础设计、基坑工程、地基处理等内容,并附有土工试验指导。
510 1  @aCivil engineering and architecture@zeng
606 0  @a土力学@x高等职业教育@j教材
606 0  @a地基@x基础(工程)@x高等职业教育@j教材
690    @aTU4@v5
701  0 @a昌永红@9chang yong hong@c(女,@f1976~)@4主编
801  0 @aCN@b91MARC@c20171019
905    @b1030831-5@dTU4@f5@e1110
    
    土力学与地基基础/昌永红主编.-北京:机械工业出版社,2017.7
    197页:图;26cm
    高职高专“十三五”土建类立体化创新规划教材
    
    ISBN 978-7-111-56800-1:CNY36.00
    本书包括土的物理与工程性质、地基土中的应力、地基变形、土的抗剪强度与地基承载力、土压力与土坡稳定分析、岩土工程勘察、基础构造与识图、基础设计、基坑工程、地基处理等内容,并附有土工试验指导。
●
相关链接 在E读中查询图书 在五车中查询图书 在当当中查询图书 在豆瓣中查询图书


正题名:土力学与地基基础     索取号:TU4/1110         预约/预借

序号 登录号 条形码 馆藏地/架位号 状态 备注
1 1030831   210308317   第二样本阅览室/ [索取号:TU4/1110] 在馆    
2 1030832   210308326   密集书库-生命科学系/ [索取号:TU4/1110] 在馆    
3 1030833   210308335   第三借阅区/ [索取号:TU4/1110] 在馆    
4 1030834   210308344   第三借阅区/ [索取号:TU4/1110] 在馆    
5 1030835   210308353   第三借阅区/ [索取号:TU4/1110] 在馆    
唐山师范学院图书馆 欢迎您!
大连网信软件有限公司© 版权所有